000 00565nam a2200181Ia 4500
003 IN-BaIIA
008 211028s9999 xx 000 0 eng d
040 _cIIA Library
080 _a520.2
_bHER
100 _aHerschel, John F. W.
_91319
245 4 _aThe telescope
_cJohn F. W. Herschel and K. H. Bart
260 _aEdinburgh
_bAdam and Charles Black
_c1861
300 _avii, 190p.
650 _aAstronomical telescopes
_92016
650 _aAstronomy and astrophysics thesaurus
700 _aBart, K. H.
_92064
942 _cBK
999 _c959
_d959